Foundations of Computing: From Hardware Essentials to Web Design (Record no. 38019)

MARC details
000 -LEADER
fixed length control field 00389nam a22001577a 4500
082 ## - DEWEY DECIMAL CLASSIFICATION NUMBER
Classification number 004 JYO
100 ## - MAIN ENTRY--AUTHOR NAME
Personal name Ten Teachers
100 ## - MAIN ENTRY--AUTHOR NAME
Personal name Jyothi T J
245 ## - TITLE STATEMENT
Title Foundations of Computing: From Hardware Essentials to Web Design
250 ## - EDITION STATEMENT
Edition statement 1
260 ## - PUBLICATION, DISTRIBUTION, ETC. (IMPRINT)
Name of publisher Owl Books
Place of publication Trivandrum
Year of publication 2025
546 ## - LANGUAGE NOTE
Language note English
650 ## - SUBJECT ADDED ENTRY--TOPICAL TERM
Topical Term AIML
942 ## - ADDED ENTRY ELEMENTS (KOHA)
Koha item type Text Book
952 ## - LOCATION AND ITEM INFORMATION (KOHA)
Damaged status
Not for loan
952 ## - LOCATION AND ITEM INFORMATION (KOHA)
Damaged status
Not for loan
952 ## - LOCATION AND ITEM INFORMATION (KOHA)
Damaged status
Not for loan
Holdings
Withdrawn status Collection code Permanent Location Current Location Shelving location Date acquired Source of acquisition Cost, normal purchase price Inventory number Full call number Accession Number Price effective from Koha item type
  Artificial Intelligence & Machine Learning Engineering VAST Central Library VAST Central Library S-1/CS 14/11/2025 Minerva Books 300.00 85 004 JYO 37923 19/11/2025 Text Book
  Artificial Intelligence & Machine Learning Engineering VAST Central Library VAST Central Library S-1/CS 14/11/2025 Minerva Books 300.00 85 004 JYO 37924 19/11/2025 Text Book
  Artificial Intelligence & Machine Learning Engineering VAST Central Library VAST Central Library S-1/CS 14/11/2025 Minerva Books 300.00 85 004 JYO 37925 19/11/2025 Text Book